Library Banner

The media relations department of Hizbollah wishes you a happy birthday : (Record no. 98403)

MARC details
000 -LEADER
fixed length control field 00682cam a22001934a 4500
001 - CONTROL NUMBER
control field 15590224
005 - DATE AND TIME OF LATEST TRANSACTION
control field 20170922110901.0
008 - FIXED-LENGTH DATA ELEMENTS--GENERAL INFORMATION
fixed length control field 090116s2009 nyuab b 001 0deng
020 ## - INTERNATIONAL STANDARD BOOK NUMBER
International Standard Book Number 9781586486358 (hardcover : alk. paper)
040 ## - CATALOGING SOURCE
Transcribing agency PK-LaUMT
082 00 - DEWEY DECIMAL CLASSIFICATION NUMBER
Classification number 956.04092
Edition number 22
Item number MAC-M
100 1# - MAIN ENTRY--PERSONAL NAME
Personal name MacFarquhar, Neil
245 14 - TITLE STATEMENT
Title The media relations department of Hizbollah wishes you a happy birthday :
Remainder of title unexpected encounters in the changing Middle East /
Statement of responsibility, etc Neil MacFarquhar.
260 ## - PUBLICATION, DISTRIBUTION, ETC. (IMPRINT)
Place of publication, distribution, etc New York :
Name of publisher, distributor, etc PublicAffairs,
Date of publication, distribution, etc 2009
300 ## - PHYSICAL DESCRIPTION
Extent xi, 387 p. :
Other physical details ill., maps ;
Dimensions 24 cm.
650 #0 - SUBJECT ADDED ENTRY--TOPICAL TERM
Topical term or geographic name as entry element Social change
Geographic subdivision Middle East.
650 #0 - SUBJECT ADDED ENTRY--TOPICAL TERM
Topical term or geographic name as entry element Political culture
Geographic subdivision Middle East.
942 ## - ADDED ENTRY ELEMENTS (KOHA)
Koha item type Books
Holdings
Withdrawn status Lost status Damaged status Home library Current library Date acquired Full call number Barcode Date last seen Price effective from Koha item type
      UMT Main Campus UMT Main Campus 2017-09-22 956.04092 MAC-M 114045 2017-09-22 2017-09-22 Books